| 000 | 01071nmm a2200313 a 4500 | ||
|---|---|---|---|
| 001 | ocm0002016019 | ||
| 003 | TR-IsHL | ||
| 005 | 20201028181444.0 | ||
| 008 | 190102s2017 tu tur | ||
| 007 | cr cn | ||
| 020 | _a9789756325131 | ||
| 035 |
_a2016019 _b(N$T) |
||
| 050 | 0 | 4 |
_aLB1049 _b.Y35 2017 |
| 090 | 0 | 4 |
_aLB1049 _b.Y35 2017 |
| 100 | 1 | _aYalçınkaya, Ayhan | |
| 245 | 1 | 0 |
_aMazerete mahal yok!: sosyal bilimler öğrencileri için eğlenceli(k) bir ödev, lisansüstü öğretim ve tez kılavuzu _h[electronic resource] / _cAyhan Yalçınkaya |
| 250 | _aGözden geçirilmiş ve genişletilmiş 4. Baskı | ||
| 260 |
_aAnkara : _bSiyasal Kitabevi, _c2017 |
||
| 300 | _a296 p. | ||
| 500 | _aKaynakça var | ||
| 650 | 4 | _aEğitim | |
| 650 | 4 | _aEducation | |
| 650 | 0 | _aStudy skills | |
| 650 | 0 | _aÇalışma becerileri | |
| 650 | 0 | _aAraştırma yöntemleri | |
| 650 | 0 | _aResearch methods | |
| 650 | 7 |
_aSOCIAL SCIENCE / Research _2bisacsh |
|
| 856 | 4 | 0 | _uhttp://search.ebscohost.com/login.aspx?direct=true&scope=site&db=e011xww&AN=2016019 |
| 999 |
_c19607 _d19607 |
||